[Event "FRA-chT2 1011"]
[Site "France"]
[Date "2010.11.14"]
[Round "2.5"]
[White "Migot, Tangi"]
[Black "Broutin, Philippe"]
[Result "1-0"]
[WhiteElo "2250"]
[BlackElo "2053"]
[PlyCount "79"]
[EventDate "2010.10.17"]
[EventType "team-tourn"]
[EventRounds "11"]
[EventCountry "FRA"]
[SourceTitle "EXT 2012"]
[Source "ChessBase"]
[SourceDate "2011.11.24"]
[SourceVersion "1"]
[SourceVersionDate "2011.11.24"]
[SourceQuality "1"]

1. e4 d5 2. exd5 Qxd5 3. Nc3 Qa5 4. d4 Nf6 5. Nf3 Nc6 6. Bb5 Nd5 7. 0-0 Nxc3 8. Bxc6+ bxc6 9. bxc3 Bg4 10. Qd3 Bf5 11. Qc4 Qb5 12. Qb3 e6 13. c4 Qxb3 14. cxb3 f6 15. Re1 Bb4 16. Re3 Kf7 17. c5 Ba5 18. a3 Rhb8 19. b4 Bxb4 20. axb4 Rxb4 21. Bd2 Rb7 22. Bc3 g5 23. Nd2 Ke7 24. f3 h5 25. Kf2 g4 26. Ra4 Kd7 27. Rb4 Rxb4 28. Bxb4 a5 29. Ra3 a4 30. fxg4 hxg4 31. Kg3 e5 32. dxe5 fxe5 33. Nc4 Ke6 34. Ne3 Rd8 35. Ba5 Rd4 36. Bxc7 Rd3 37. Rxd3 Bxd3 38. Nxg4 a3 39. Ba5 a2 40. Bc3 1-0

[Event "FRA-chT2 0910"]
[Site "France"]
[Date "2010.01.24"]
[Round "7.5"]
[White "Viatte, Robert"]
[Black "Broutin, Philippe"]
[Result "0-1"]
[WhiteElo "2139"]
[BlackElo "2048"]
[PlyCount "68"]
[EventDate "2009.09.27"]
[EventType "team-tourn"]
[EventRounds "11"]
[EventCountry "FRA"]
[SourceTitle "EXT 2011"]
[Source "ChessBase"]
[SourceDate "2010.11.26"]
[SourceVersion "1"]
[SourceVersionDate "2010.11.26"]
[SourceQuality "1"]

1. d4 f5 2. c4 Nf6 3. Nc3 g6 4. f3 c5 5. d5 d6 6. e4 fxe4 7. fxe4 Bg7 8. Nf3 Nbd7 9. Be2 0-0 10. 0-0 Ng4 11. Bg5 Nde5 12. Qd2 Nf7 13. Bf4 Bd7 14. h3 Nge5 15. Rf2 Qa5 16. Rc1 a6 17. Kh2 Nxf3+ 18. gxf3 b5 19. b3 bxc4 20. Bxc4 Ne5 21. Bxe5 Bxe5+ 22. Kg2 Bf4 23. Qc2 Bxc1 24. Qxc1 Bb5 25. Nd1 Bxc4 26. Qxc4 Qb4 27. Ne3 a5 28. Rc2 Qxc4 29. Nxc4 a4 30. bxa4 Rxa4 31. e5 dxe5 32. Nxe5 Rd8 33. Nc6 Rd7 34. Ne5 Rxd5 0-1

[Event "FRA-chT2 0910"]
[Site "France"]
[Date "2009.12.12"]
[Round "5.4"]
[White "Silva, Francis"]
[Black "Broutin, Philippe"]
[Result "1-0"]
[WhiteElo "2037"]
[BlackElo "2065"]
[PlyCount "67"]
[EventDate "2009.09.27"]
[EventType "team-tourn"]
[EventRounds "11"]
[EventCountry "FRA"]
[SourceTitle "EXT 2011"]
[Source "ChessBase"]
[SourceDate "2010.11.26"]
[SourceVersion "1"]
[SourceVersionDate "2010.11.26"]
[SourceQuality "1"]

1. d4 f5 2. Bg5 h6 3. Bh4 g5 4. e3 Nf6 5. Bg3 d6 6. h4 Rg8 7. hxg5 hxg5 8. Bc4 e6 9. Nd2 Qe7 10. Qe2 Bd7 11. 0-0-0 Nc6 12. f3 0-0-0 13. Nb3 Qg7 14. Qe1 Be7 15. Na5 d5 16. Nxc6 Bxc6 17. Bb3 Bd6 18. Ne2 Rh8 19. Rxh8 Rxh8 20. c4 dxc4 21. Bxc4 Nd5 22. e4 fxe4 23. fxe4 Ne3 24. Bxe6+ Kb8 25. Bxd6 cxd6 26. Rd3 Nxg2 27. Qg3 Bxe4 28. Rc3 Qe7 29. d5 a6 30. Rc4 Rh4 31. Rc8+ Ka7 32. Qf2+ b6 33. Nd4 Bxd5 34. Bxd5 1-0

[Event "FRA-chT2 0910"]
[Site "France"]
[Date "2009.11.22"]
[Round "4.4"]
[White "Broutin, Philippe"]
[Black "Jeanne, Mickael"]
[Result "1/2-1/2"]
[WhiteElo "2060"]
[BlackElo "2166"]
[PlyCount "57"]
[EventDate "2009.09.27"]
[EventType "team-tourn"]
[EventRounds "11"]
[EventCountry "FRA"]
[SourceTitle "EXT 2011"]
[Source "ChessBase"]
[SourceDate "2010.11.26"]
[SourceVersion "1"]
[SourceVersionDate "2010.11.26"]
[SourceQuality "1"]

1. f4 d5 2. Nf3 g6 3. g3 Bg7 4. Bg2 c5 5. 0-0 Nc6 6. d3 Nf6 7. Qe1 d4 8. c3 0-0 9. Na3 e5 10. fxe5 Ng4 11. Bg5 Qd7 12. cxd4 cxd4 13. Nc4 Ngxe5 14. Nfxe5 Nxe5 15. Nxe5 Bxe5 16. Bh6 Re8 17. Rc1 Qb5 18. b4 Qb6 19. Rc5 Bh8 20. Qf2 Be6 21. Bd5 Bxd5 22. Rxd5 Qe6 23. Rd6 Qxa2 24. Rd7 f5 25. Qf3 Rab8 26. g4 Qxe2 27. gxf5 Qxf3 28. Rxf3 Red8 29. Rc7 1/2-1/2

[Event "FRA-chT2 0910"]
[Site "France"]
[Date "2009.10.17"]
[Round "2.3"]
[White "Saiboulatov, Danial"]
[Black "Broutin, Philippe"]
[Result "1/2-1/2"]
[WhiteElo "2395"]
[BlackElo "2055"]
[PlyCount "35"]
[EventDate "2009.09.27"]
[EventType "team-tourn"]
[EventRounds "11"]
[EventCountry "FRA"]
[SourceTitle "EXT 2011"]
[Source "ChessBase"]
[SourceDate "2010.11.26"]
[SourceVersion "1"]
[SourceVersionDate "2010.11.26"]
[SourceQuality "1"]

1. e4 d5 2. exd5 Qxd5 3. Nc3 Qa5 4. d4 Nf6 5. Bc4 Bg4 6. f3 Bf5 7. Bd2 Qb6 8. Nge2 e6 9. g4 Bg6 10. h4 h6 11. Nf4 Bh7 12. Qe2 Nc6 13. Na4 Qxd4 14. Be3 Qd6 15. Nc5 0-0-0 16. Nfxe6 fxe6 17. Bxe6+ Kb8 18. Qb5 1/2-1/2

[Event "FRA-chT2 North 0809"]
[Site "France"]
[Date "2009.04.04"]
[Round "10.2"]
[White "Broutin, Philippe"]
[Black "Beikert, Guenther"]
[Result "0-1"]
[WhiteElo "2068"]
[BlackElo "2460"]
[PlyCount "78"]
[EventDate "2008.10.19"]
[EventType "team-tourn"]
[EventRounds "11"]
[EventCountry "FRA"]
[SourceTitle "EXT 2010"]
[Source "ChessBase"]
[SourceDate "2010.11.25"]
[SourceVersion "1"]
[SourceVersionDate "2010.11.25"]
[SourceQuality "1"]
[WhiteTeam "Henin Beaumont"]
[BlackTeam "Gif sur Yvette"]
[WhiteTeamCountry "FRA"]
[BlackTeamCountry "FRA"]

1. f4 Nf6 2. Nf3 g6 3. g3 Bg7 4. Bg2 0-0 5. d3 d6 6. e4 e5 7. 0-0 exf4 8. Bxf4 c6 9. Bc1 d5 10. e5 Ne8 11. d4 Bg4 12. h3 Bxf3 13. Bxf3 Nc7 14. Be3 Ne6 15. Qd2 Nd7 16. c3 f6 17. exf6 Nxf6 18. Qg2 g5 19. Nd2 Qe8 20. Rae1 Qg6 21. Qe2 Rae8 22. Kh2 h5 23. Bh1 h4 24. gxh4 Nf4 25. Qf3 Nd3 26. Re2 g4 27. Qg3 Bh6 28. Kg1 Nh5 29. Rxf8+ Bxf8 30. Qxg4 Qxg4+ 31. hxg4 Ng3 32. Rh2 Rxe3 33. Bg2 Ne2+ 34. Kf1 Nxc3 35. Bf3 Bd6 36. Rh3 Re1+ 37. Kg2 Nf4+ 38. Kf2 Ra1 39. Rh1 Rxa2 0-1

[Event "FRA-chT2 North 0809"]
[Site "France"]
[Date "2009.03.14"]
[Round "8.5"]
[White "Broutin, Philippe"]
[Black "Carton, Camille"]
[Result "0-1"]
[WhiteElo "2071"]
[BlackElo "2214"]
[PlyCount "60"]
[EventDate "2008.10.19"]
[EventType "team-tourn"]
[EventRounds "11"]
[EventCountry "FRA"]
[SourceTitle "EXT 2010"]
[Source "ChessBase"]
[SourceDate "2010.11.25"]
[SourceVersion "1"]
[SourceVersionDate "2010.11.25"]
[SourceQuality "1"]
[WhiteTeam "Henin Beaumont"]
[BlackTeam "Noyon II"]
[WhiteTeamCountry "FRA"]
[BlackTeamCountry "FRA"]

1. f4 d5 2. Nf3 c5 3. g3 Nc6 4. Bg2 Nf6 5. 0-0 e6 6. d3 Be7 7. c3 0-0 8. h3 Qc7 9. g4 b5 10. Qe1 b4 11. g5 Nd7 12. Qg3 Bb7 13. e4 bxc3 14. bxc3 Rfd8 15. Qg4 dxe4 16. dxe4 Nf8 17. f5 exf5 18. exf5 Bd6 19. Na3 Ne5 20. Nxe5 Bxe5 21. Nc4 Bxg2 22. Qxg2 Bxc3 23. Bf4 Qd7 24. Rad1 Qxd1 25. Rxd1 Rxd1+ 26. Kh2 Rad8 27. Qe2 R8d4 28. Kg3 Re1 29. Qc2 Rxc4 30. Kf3 Rf1+ 0-1

[Event "FRA-chT2 North 0809"]
[Site "France"]
[Date "2008.11.23"]
[Round "3.4"]
[White "Guyard, Bertrand"]
[Black "Broutin, Philippe"]
[Result "1-0"]
[WhiteElo "2247"]
[BlackElo "2069"]
[PlyCount "111"]
[EventDate "2008.10.19"]
[EventType "team-tourn"]
[EventRounds "11"]
[EventCountry "FRA"]
[SourceTitle "EXT 2010"]
[Source "ChessBase"]
[SourceDate "2010.11.25"]
[SourceVersion "1"]
[SourceVersionDate "2010.11.25"]
[SourceQuality "1"]
[WhiteTeam "Chess XV"]
[BlackTeam "Henin Beaumont"]
[WhiteTeamCountry "FRA"]
[BlackTeamCountry "FRA"]

1. d4 f5 2. e4 fxe4 3. Nc3 Nf6 4. Bg5 Nc6 5. d5 Ne5 6. Qe2 Nf7 7. Bh4 c6 8. 0-0-0 g5 9. Bg3 Qa5 10. h4 cxd5 11. hxg5 Nxg5 12. Be5 Bg7 13. Bxf6 Bxf6 14. Rxd5 Qc7 15. Qh5+ Nf7 16. Nge2 b6 17. Nxe4 Be5 18. Ng5 Bf4+ 19. Kb1 Bxg5 20. Rxg5 Bb7 21. Rg7 Rf8 22. Rh4 Qd6 23. Nc3 Rc8 24. Bc4 e6 25. Qe2 Rc5 26. Rhxh7 Re5 27. Qd1 Qxd1+ 28. Nxd1 Re1 29. Kc1 Be4 30. Rh4 Nd6 31. Kd2 Rg1 32. Bb5 Bf3 33. Bxd7+ Kd8 34. Ne3 Nc4+ 35. Kd3 Ne5+ 36. Kc3 Nxd7 37. Rhh7 Nf6 38. gxf3 Nxh7 39. Rxg1 Rxf3 40. Rg8+ Nf8 41. Rg7 Nd7 42. Rg2 Kc7 43. Kd4 Rf4+ 44. Kd3 Nc5+ 45. Ke2 Kd6 46. Rg4 Rxg4 47. Nxg4 Na4 48. b3 Nc3+ 49. Kd2 Ne4+ 50. Kd3 Nc5+ 51. Kc4 a6 52. a4 Ne4 53. Kd4 Nc5 54. f4 Ke7 55. a5 Nd7 56. Ne5 1-0

[Event "FRA-chT2 North 0607"]
[Site "France"]
[Date "2007.03.17"]
[Round "8.4"]
[White "Broutin, Philippe"]
[Black "Goerlinger, Stephane"]
[Result "0-1"]
[WhiteElo "2052"]
[BlackElo "2200"]
[PlyCount "68"]
[EventDate "2006.10.15"]
[EventType "team"]
[EventRounds "11"]
[EventCountry "FRA"]
[SourceTitle "EXT 2008"]
[Source "ChessBase"]
[SourceDate "2007.11.25"]
[SourceVersion "1"]
[SourceVersionDate "2007.11.25"]
[SourceQuality "1"]
[WhiteTeam "Henin Beaumont"]
[BlackTeam "Bagneux"]
[WhiteTeamCountry "FRA"]
[BlackTeamCountry "FRA"]

1. f4 Nf6 2. Nf3 c5 3. g3 Nc6 4. Bg2 g6 5. 0-0 Bg7 6. d3 d6 7. e4 0-0 8. Nc3 Rb8 9. h3 b5 10. g4 b4 11. Ne2 e6 12. Ng3 Nd7 13. f5 Nde5 14. Kh1 Nxf3 15. Qxf3 Ne5 16. Qf2 Qh4 17. Qf4 exf5 18. exf5 f6 19. Kg1 Bb7 20. Ne4 g5 21. Qh2 Rfd8 22. Ng3 Qh6 23. Nh5 Bf8 24. Bd2 d5 25. Rae1 Bd6 26. Qh1 Nf7 27. Re6 Be5 28. Re1 Bxb2 29. c3 bxc3 30. Nxf6+ Qxf6 31. Rxf6 cxd2 32. Rd1 Bxf6 33. Rxd2 Ba6 34. Bxd5 Rb1+ 0-1

[Event "FRA-chT2 0304"]
[Site "France"]
[Date "2004.04.03"]
[Round "10"]
[White "Chomet, Pascal"]
[Black "Broutin, Philippe"]
[Result "1-0"]
[WhiteElo "2364"]
[BlackElo "2130"]
[PlyCount "57"]
[EventDate "2003.10.??"]
[EventType "team"]
[EventRounds "11"]
[EventCountry "FRA"]
[SourceTitle "EXT 2005"]
[Source "ChessBase"]
[SourceDate "2004.11.15"]
[SourceVersion "1"]
[SourceVersionDate "2004.11.15"]
[SourceQuality "1"]

1. e4 d5 2. exd5 Qxd5 3. Nc3 Qa5 4. d4 Nf6 5. Nf3 Nc6 6. Bb5 Nd5 7. Qd3 Nxc3 8. bxc3 a6 9. Bxc6+ bxc6 10. Ne5 Qd5 11. 0-0 f6 12. c4 Qd6 13. Ba3 Qe6 14. Nf3 Qf5 15. Qb3 e6 16. Bxf8 Rxf8 17. Rfe1 Kf7 18. Qa4 Bd7 19. d5 exd5 20. cxd5 cxd5 21. Qa5 Rfe8 22. Nd4 Qg5 23. Qxc7 Qg4 24. Ne6 Re7 25. Nd8+ Ke8 26. Rxe7+ Kxe7 27. Re1+ Kf8 28. Qd6+ Kg8 29. Qxd5+ 1-0

[Event "FRA-chT3 Gr8 0203"]
[Site "France"]
[Date "2002.12.08"]
[Round "4"]
[White "Preux, Benoit"]
[Black "Broutin, Philippe"]
[Result "1/2-1/2"]
[WhiteElo "1770"]
[BlackElo "2110"]
[PlyCount "50"]
[EventDate "2002.10.??"]
[EventType "team"]
[EventRounds "9"]
[EventCountry "FRA"]
[SourceTitle "EXT 2005"]
[Source "ChessBase"]
[SourceDate "2004.11.15"]
[SourceVersion "1"]
[SourceVersionDate "2004.11.15"]
[SourceQuality "1"]

1. c4 f5 2. Nc3 Nf6 3. Nf3 g6 4. g3 Bg7 5. Bg2 0-0 6. 0-0 d6 7. d4 Qe8 8. Re1 Qf7 9. Qb3 Ne4 10. Ng5 Nxg5 11. Bxg5 c6 12. d5 c5 13. Bf4 Na6 14. e4 fxe4 15. Nxe4 Nc7 16. Re2 Rb8 17. Nxd6 exd6 18. Bxd6 Rd8 19. Re7 Rxd6 20. Rxf7 Kxf7 21. Re1 b5 22. Qe3 Bf8 23. Qxc5 Na6 24. Qxa7+ Rb7 25. Qa8 Rb8 1/2-1/2

[Event "Bethune-A"]
[Site "Bethune"]
[Date "2002.07.10"]
[Round "5.1"]
[White "Broutin, Philippe"]
[Black "Therkildsen, Thomas"]
[Result "0-1"]
[WhiteElo "2010"]
[BlackElo "2124"]
[PlyCount "80"]
[EventDate "2002.07.06"]
[EventType "tourn"]
[EventRounds "9"]
[EventCountry "FRA"]
[SourceTitle "EXT 2005"]
[Source "ChessBase"]
[SourceDate "2004.11.15"]
[SourceVersion "1"]
[SourceVersionDate "2004.11.15"]
[SourceQuality "1"]

1. f4 c5 2. Nf3 Nc6 3. g3 g6 4. Bg2 Bg7 5. e4 e6 6. 0-0 Nge7 7. d3 0-0 8. c3 b6 9. Be3 Ba6 10. Re1 Rc8 11. Na3 Qc7 12. Rc1 Rfd8 13. d4 cxd4 14. cxd4 d5 15. e5 Qd7 16. Qd2 Bf8 17. Nc2 Na5 18. b3 Nf5 19. Bf2 Rc6 20. g4 Nh6 21. h3 Rdc8 22. Bf1 Bxf1 23. Rxf1 Qc7 24. Nfe1 Kh8 25. Bh4 Ng8 26. f5 exf5 27. gxf5 Bh6 28. Bg5 Bxg5 29. Qxg5 gxf5 30. Qxf5 Nh6 31. Qf4 Rg8+ 32. Kh1 Qc8 33. Rf3 Rcg6 34. Nd3 Qf8 35. Ne3 Qg7 36. Qh2 Nc6 37. Nf4 Rg5 38. Nexd5 Nxd4 39. Re3 Nhf5 40. Nf6 Nxe3 0-1

[Event "Bethune-A"]
[Site "Bethune"]
[Date "2002.07.08"]
[Round "4.5"]
[White "Flament, Francois"]
[Black "Broutin, Philippe"]
[Result "1-0"]
[WhiteElo "2131"]
[BlackElo "2010"]
[PlyCount "47"]
[EventDate "2002.07.06"]
[EventType "tourn"]
[EventRounds "9"]
[EventCountry "FRA"]
[SourceTitle "EXT 2005"]
[Source "ChessBase"]
[SourceDate "2004.11.15"]
[SourceVersion "1"]
[SourceVersionDate "2004.11.15"]
[SourceQuality "1"]

1. d4 f5 2. Nc3 d5 3. Bf4 Nf6 4. e3 c6 5. Bd3 g6 6. Nge2 Bg7 7. f3 Qa5 8. 0-0 Nbd7 9. e4 e6 10. e5 Ng8 11. Qd2 h6 12. h4 Qd8 13. g3 Nf8 14. Be3 Nh7 15. Nf4 Ne7 16. Nh3 Ng8 17. b4 b6 18. Ne2 Bd7 19. a4 Rc8 20. Rac1 Kf7 21. c4 Bf8 22. cxd5 cxd5 23. Rxc8 Qxc8 24. Rc1 1-0

[Event "Bethune-A"]
[Site "Bethune"]
[Date "2002.07.07"]
[Round "2.4"]
[White "Leignel, Nicolas"]
[Black "Broutin, Philippe"]
[Result "1-0"]
[WhiteElo "2142"]
[BlackElo "2010"]
[PlyCount "63"]
[EventDate "2002.07.06"]
[EventType "tourn"]
[EventRounds "9"]
[EventCountry "FRA"]
[SourceTitle "EXT 2005"]
[Source "ChessBase"]
[SourceDate "2004.11.15"]
[SourceVersion "1"]
[SourceVersionDate "2004.11.15"]
[SourceQuality "1"]

1. e4 Nc6 2. Nc3 e6 3. d4 d5 4. Nf3 Nf6 5. e5 Ne4 6. Bd3 Bb4 7. Bd2 Nxd2 8. Qxd2 f6 9. a3 Be7 10. exf6 Bxf6 11. Bb5 Bd7 12. 0-0 0-0 13. Bxc6 Bxc6 14. Rae1 Qd6 15. Ne5 Bxe5 16. Rxe5 Rf6 17. f4 Raf8 18. g3 Bd7 19. Na2 c5 20. c3 Be8 21. dxc5 Qxc5+ 22. Qd4 b6 23. Rfe1 Qd6 24. c4 Bc6 25. Nc3 Rd8 26. Rd1 Qf8 27. Ne4 Rg6 28. Ng5 Qd6 29. h4 Rh6 30. Kh2 Kf8 31. cxd5 exd5 32. Rf5+ 1-0

[Event "Bethune-A"]
[Site "Bethune"]
[Date "2002.07.06"]
[Round "1.3"]
[White "Broutin, Philippe"]
[Black "Defrance, Laurent"]
[Result "0-1"]
[WhiteElo "2010"]
[BlackElo "2137"]
[PlyCount "78"]
[EventDate "2002.07.06"]
[EventType "tourn"]
[EventRounds "9"]
[EventCountry "FRA"]
[SourceTitle "EXT 2005"]
[Source "ChessBase"]
[SourceDate "2004.11.15"]
[SourceVersion "1"]
[SourceVersionDate "2004.11.15"]
[SourceQuality "1"]

1. f4 d6 2. Nf3 Bg4 3. e4 Nf6 4. Nc3 g6 5. g3 Bg7 6. Bg2 0-0 7. h3 Bxf3 8. Qxf3 Nc6 9. d3 Nd4 10. Qf2 c5 11. 0-0 Rb8 12. g4 b5 13. f5 b4 14. Nd1 Nd7 15. Ne3 a5 16. g5 a4 17. Ng4 Ne5 18. Nh6+ Bxh6 19. gxh6 b3 20. axb3 axb3 21. c3 Nc2 22. Rb1 Nxd3 23. Qg3 Nxc1 24. Rbxc1 Qb6 25. Rf3 d5 26. exd5 Qd6 27. Qg4 Qe5 28. Qg5 f6 29. Qd2 Rbd8 30. Rd3 c4 31. Rf3 Rxd5 32. Qf2 Rfd8 33. fxg6 hxg6 34. Rg3 Rd1+ 35. Rxd1 Rxd1+ 36. Bf1 Kh7 37. Kg2 Rb1 38. Be2 Ne1+ 39. Kh2 Rxb2 0-1

[Event "Bethune-B"]
[Site "Bethune"]
[Date "2001.??.??"]
[Round "?"]
[White "Broutin, Philippe"]
[Black "Chemali, Lahcene"]
[Result "1/2-1/2"]
[WhiteElo "2010"]
[BlackElo "1920"]
[PlyCount "66"]
[EventDate "2001.??.??"]
[EventType "schev"]
[EventRounds "10"]
[EventCountry "FRA"]
[SourceTitle "EXT 2003"]
[Source "ChessBase"]
[SourceDate "2002.11.25"]
[SourceVersion "1"]
[SourceVersionDate "2002.11.25"]
[SourceQuality "1"]

1. f4 c5 2. Nf3 Nc6 3. g3 g6 4. Bg2 Bg7 5. e4 d6 6. 0-0 e6 7. d3 Nge7 8. c3 0-0 9. Be3 Rb8 10. d4 cxd4 11. cxd4 d5 12. e5 Nf5 13. Bf2 h5 14. h3 Qb6 15. Qd2 Nh6 16. Nc3 Bd7 17. Rac1 Rfc8 18. Rfd1 Na5 19. b3 Bf8 20. Be1 Nc6 21. Na4 Qd8 22. Qb2 b6 23. Bf1 Ne7 24. Ba6 Rxc1 25. Rxc1 Bc8 26. Bb5 Bd7 27. Ba6 Bc8 28. Bd3 Bb7 29. Bb4 Rc8 30. Kf2 Rxc1 31. Qxc1 Qc8 32. Qxc8 Nxc8 33. Bxf8 Kxf8 1/2-1/2